| 000 | 00786cam a2200205 a 4500 | ||
|---|---|---|---|
| 001 | 000009382 | ||
| 005 | 20200929161556.0 | ||
| 008 | 860110s1985 ck a 000 j spa | ||
| 040 |
_aDO-SdBNP _bspa _cBNPHU |
||
| 082 |
_aC863.6 _bM953a |
||
| 100 | 1 |
_aMújica, Elisa, _d1918-2003. _918420 |
|
| 245 | 1 | 4 |
_aLas altas torres del humo : _braíces del cuento popular en Colombia, con catorce cuentos de Margarita / _cElisa Mújica ; ilustraciones Michi Pelaez. |
| 260 |
_aBogotá : _bProcultura, _c1985. |
||
| 300 |
_a125 p. : _bill. ; _c25 cm. |
||
| 490 | 1 | _aNueva biblioteca colombiana de cultura | |
| 650 | 4 |
_aCuentos colombianos _921475 |
|
| 650 | 4 |
_aLiteratura colombiana _ySIGLO XX _914409 |
|
| 700 | 1 |
_aPelaez, Michi, _eil. _924164 |
|
| 830 | 0 |
_aNueva biblioteca colombiana de cultura. _924165 |
|
| 999 |
_c9142 _d9142 |
||